Століття Якова (Запис № 17528)
[ простий вигляд ]
| 000 -Маркер запису | |
|---|---|
| Контрольне поле сталої довжини | 02149nam a22002657a 4500 |
| 003 - Належність контрольного номера | |
| Контрольне поле | Uzh_bibl |
| 008 - Кодовані дані | |
| Контрольне поле сталої довжини | 260427b |||||||| |||| 00| 0 ukr d |
| 020 ## - Індекс ISBN | |
| ISBN | 978-617-12-1700-3 |
| Ціна | 58.41 |
| 040 ## - Джерело каталогіз. | |
| Код мови каталог. | укр. |
| 041 ## - Код мови видання | |
| Код мови оригіналу | українська |
| Код мови тексту | українська |
| 080 ## - Індекс УДК | |
| Індекс УДК | 821.161.2 |
| 090 ## - Шифри | |
| Поличний індекс | 821.161.2 |
| Авторський знак | Л 63 |
| 100 ## - Автор | |
| Автор | Лис, Володимир |
| 245 ## - Назва | |
| Назва | Століття Якова |
| Відповідальність | передм. О.Забужко |
| Фізичний носій | Текст |
| 260 ## - Вихідні дані | |
| Місце видання | Харків |
| Видавництво | Книжковий Клуб "Клуб Сімейного Дозвілля" |
| Дата видання | 2017 |
| 300 ## - Фізичний опис | |
| Обсяг | 240 с. |
| Ілл./тип відтвор. | іл. |
| Тип одиниці | В опр. |
| 490 ## - Серія | |
| № тому | 4-те вид. |
| 520 ## - Анотація | |
| Анотація | Найкращий роман десятиріччя — короноване слово, яке вразило літературну Україну! Роман — своєрідний епос-біографія одного поліського українця, який за свій столітній вік пережив п’ять держав: Російську імперію, УНР, Польщу, гітлерівську Німеччину, сталінський СССР. Доживши до держави Україна, він опинився перед лицем і родинної, і національної драми, яка була запрограмована катастрофами XX століття. У житті старого Якова Меха на короткий час, мов той метелик, з’являється дівча-приблуда. Вона питає, чи любив він колись, — і виринає десь із глибини пам`яті його кохання, і біль втрати, і круговерть війн та режимів, і радощі та горе в родині, і гріхи й каяття… |
| 521 ## - Примітка про цільове призначення | |
| Примітка про цільове призначення | Для широкого кола читачів |
| 546 ## - Примітка про мову | |
| Примітка про мову | укр. |
| 650 ## - Тематичні рубрики | |
| Основна рубрика | Літературно-художнє видання |
| 653 ## - Ключові слова | |
| Ключові слова | Кохання |
| -- | Перша Світова Війна |
| -- | Друга Світова Війна |
| 655 ## - Термін індексування — жанр/форма | |
| Жанр/форма | Проза |
| Типове ділення | Роман |
| 942 ## - ADDED ENTRY ELEMENTS (KOHA) | |
| Джерело класифікації чи схема поличного розташування | |
| Koha item type | Книги |
| Статус вилучення | Статус втрати/відсутності | Джерело класифікації чи схема поличного розташування | Статус пошкодження | Тип обігу (не для випозичання) | Постійне розташування | Поточне розташування | Розташування у відділі | Дата надходження | Інвентарний номер | Total Checkouts | Повний (примірниковий) шифр зберігання | Штрих-код | Date last seen | Дата, для якої чинна ціна заміни | Тип одиниці (рівень примірника) |
|---|---|---|---|---|---|---|---|---|---|---|---|---|---|---|---|
| Бібліотека-філія №3 | Бібліотека-філія №3 | Абонемент старший відділ | 27/04/2026 | 68745 | 821.161.2 | 4166 | 27/04/2026 | 27/04/2026 | Книги |